El análisis factorial confirmatorio en el estudio de la estructura y estabilidad de los instrumentos de evaluación : un ejemplo con el cuestionario de autoestima CA-14 /

Este trabajo presenta un estudio de la estructura factorial y la estabilidad del Cuestionario de Autoestima CA-14 utilizando la técnica del Análisis Factorial Confirmatorio. El trabajo pretende ilustrar y guiar en las posibilidades que ofrece esta técnica, prestando especial atención a los requisito...

Descripción completa

Detalles Bibliográficos
Autor principal: Herrero, Juan
Formato: Analitica de revista
Lenguaje:español
Publicado: Madrid, España Colegio Oficial de Psicólogos de Madrid 2010
Materias:

MARC

LEADER 00000cab a2200000 a 4500
001 034811
003 UAHC_CL
005 20180731174715.0
008 110323s2010 sp 000 spa
952 |0 0  |1 0  |4 0  |6 INTERVEN__PSICOSOCIAL03_10_000000000000000  |7 0  |8 General  |9 66255  |a BC  |b BC  |c General  |d 2017-08-03  |l 0  |o INTERVEN.PSICOSOCIAL-03/10  |p FICTICIO4209  |r 2019-01-08 00:00:00  |t 1  |w 2017-08-03  |y REVA 
999 |c 34811  |d 34811 
040 |a UAHC_CL  |c UAHC_CL  |d UAHC_CL 
100 1 |a Herrero, Juan 
245 1 3 |a El análisis factorial confirmatorio en el estudio de la estructura y estabilidad de los instrumentos de evaluación :  |b un ejemplo con el cuestionario de autoestima CA-14 /  |c Juan Herrero. 
260 |b Colegio Oficial de Psicólogos de Madrid  |a Madrid, España  |c 2010 
300 |a p. 289-300 
310 |a Cuatrimestral 
500 |a En: Intervención Psicosocial. Revista sobre Igualdad y Calidad de Vida. Vol. 19, no. 3, 2010. pp. 289-300. ISSN: 1132-0559. 
520 |a Este trabajo presenta un estudio de la estructura factorial y la estabilidad del Cuestionario de Autoestima CA-14 utilizando la técnica del Análisis Factorial Confirmatorio. El trabajo pretende ilustrar y guiar en las posibilidades que ofrece esta técnica, prestando especial atención a los requisitos que deben cumplir los datos, los métodos de estimación sugeridos en la literatura científica, los índices de ajuste más adecuados para evaluar los modelos y otras circunstancias que se deben tener en cuenta a la hora de estimar modelos de Análisis Factorial Confirmatorio. En el trabajo se presentan además diversas estrategias metodológicas en la implementación de esta técnica: correlación de errores residuales, imposición de constricciones o equivalencias en los parámetros de un modelos, modelos multigrupo, etc. 
653 |a PSICOLOGIA 
773 0 |t Intervención psicosocial : Revista sobre igualdad y calidad de vida  |w 034795 
900 |a INTERVEN.PSICOSOCIAL-03/10 
942 |c REVA  |2 ddc